Statistics for Guess the Taylor Swift song from just one phrase

Click here to take the quiz!

General Stats

  • This quiz has been taken 21 times
  • The average score is 13 of 26

Answer Stats

LineAnswer% Correct
"...miss your tan skin"Back to December
84%
"...dressed like a daydream"Blank Space
84%
"Twenty stitches..."Out of the Woods
79%
"With Pennsylvania under me"seven
79%
"...never seen that colour blue"Delicate
74%
"...1950's shit..."Lavender Haze
74%
"...shaped like a pastry"Speak Now
74%
"...capture it, remember it"Fearless
68%
"...stalk you on the internet"Paper Rings
58%
"...acing your tests"Dear John
53%
"Clink, clink""Slut!"
53%
"...losin' on card game bets..."the last great american dynasty
53%
"...incandescent glow"ivy
47%
"...we were electrified"Dress
42%
"...the wisest women..."Mastermind
42%
"...a worthwhile fight"State of Grace
42%
"...dagger in me..."tolerate it
42%
"...the creaks in the floor"Cornelia Street
37%
"...hollow-eyed..."Maroon
37%
"...the room burned down"Dancing With Our Hands Tied
32%
"...look like comin' home"Everything Has Changed
26%
"...brave the seasons"invisible string
26%
"...the same old bitter things"Mean
26%
"...start behaving myself"I Can See You
21%
"Video games..."It's Nice to Have a Friend
16%
"...damsel in distress"Today Was A Fairytale
11%

Score Distribution

Percentile by Number Answered

Percent of People with Each Score

Your Score History

You have not taken this quiz